00734nam a22001937a 450000500170000001000150001702000260003203500140005803700090007208200140008110000270009524500910012226000430021327000570025630000240031394200280033799900190036595201560038420250106114523.0 aENG-143185 a9789386797148c244.00 aEN-126715 bDBAD a320.95456 aGandhi, Mayank 975861 aAAP & DOWN:bAn Insider?s Story of India?s Most Controversial Party hBy Mayank Gandhi aLondonbSimon & Schuster UL Ltd.c2018 aSimon & Schuster UK Ltd., CBS CompanybGreat Britain axii,289p.c20 cmPb) 2ddccENh320.95456mGAN c208055d208055 001040708NFICaZLSbZLSd2025-01-06eDelivery of Books Divisiong244.00l0o320.95456 GANpEN-126715r2025-01-06 00:00:00t1v244.00w2025-01-06yEN